000 01099nam0a22002651 4500
001 v19\rc\1659345
005 20260407010705.0
035 _a(NLR Aleph) 004769072
090 _a4619949
_c4619949
100 _a20061002d1912 |||y0rusy50 ca
101 0 _arus
102 _aRU
105 _ay z |||||
200 1 _aУстав акционерного общества под фирмой "С.-Петербургская химическая лаборатория"
_e[Утв. 9 февр. 1890 г.]
210 _aСанкт-Петербург
_d1912
215 _a31 с.
_d21
532 1 2 _aУстав акционерного общества под фирмой Санкт-Петербургская химическая лаборатория
710 0 2 _a"Петербургская химическая лаборатория", акционерное общество
_3RU\NLR\AUTH\889997920
_9493109
801 0 _aRU
_bNLR
_gpsbo
801 0 _aRU
_bRuMoRGB
_2psbo
801 1 _aRU
_bProSoft-M
_2rusmarc
852 _aNLR
_j18.339.2.489
899 _aRuMoRGB
_jV 112/939
942 _cBOOK
980 _aNB